[Event "Wch Blitz"]
[Site "Moscow RUS"]
[Date "2019.12.29"]
[Round "1.44"]
[White "Samsonkin, Artiom"]
[Black "Jakovenko, Dmitrij"]
[Result "0-1"]
[WhiteElo "2428"]
[BlackElo "2698"]
[PlyCount "87"]
[EventDate "2019.12.29"]
[EventType "swiss (blitz)"]
[EventRounds "21"]
[EventCountry "RUS"]
[Source "ChessMix"]
[SourceDate "2020.01.01"]

1. e4 c5 2. Nf3 d6 3. d4 cxd4 4. Qxd4 Nc6 5. Bb5 Bd7 6. Bxc6 Bxc6 7. Nc3 Nf6 8.
Bg5 e6 9. O-O-O Be7 10. Rhe1 O-O 11. Kb1 Qa5 12. Qd2 Qa6 13. Nd4 b5 14. f3 Rfd8
15. g4 Rac8 16. h4 b4 17. Nce2 Be8 18. Ng3 Rc5 19. Nb3 Rc7 20. Nh5 Nxh5 21.
Bxe7 Rxe7 22. gxh5 h6 23. Rg1 Kh8 24. Qxb4 e5 25. Qd2 f6 26. f4 Bxh5 27. Rdf1
Qb6 28. f5 Qc6 29. Re1 d5 30. Qa5 Red7 31. Nc5 Rd6 32. Ne6 R8d7 33. Qb4 Qb6 34.
Qc3 Qc6 35. Qg3 Qb7 36. Nc5 Qc6 37. Nxd7 Rxd7 38. exd5 Qxd5 39. a3 e4 40. Qf4
Bf3 41. Qb8+ Kh7 42. Qf4 Re7 43. Qe3 Qxf5 44. Ref1 0-1

[Event "Wch Blitz"]
[Site "Moscow RUS"]
[Date "2019.12.29"]
[Round "2.74"]
[White "Postny, Evgeny"]
[Black "Samsonkin, Artiom"]
[Result "1-0"]
[WhiteElo "2605"]
[BlackElo "2428"]
[PlyCount "85"]
[EventDate "2019.12.29"]
[EventType "swiss (blitz)"]
[EventRounds "21"]
[EventCountry "RUS"]
[Source "ChessMix"]
[SourceDate "2020.01.01"]

1. d4 Nf6 2. c4 e6 3. Nf3 Bb4+ 4. Bd2 Qe7 5. g3 Bxd2+ 6. Qxd2 Nc6 7. b3 d5 8.
Bg2 O-O 9. O-O Rd8 10. Qb2 b6 11. Nbd2 Bb7 12. Rac1 dxc4 13. Nxc4 Nb8 14. b4 a6
15. Rfd1 Nbd7 16. a4 Rac8 17. b5 axb5 18. axb5 c5 19. bxc6 Bxc6 20. Nxb6 Nxb6
21. Qxb6 Be4 22. Ne5 Rxc1 23. Rxc1 Bxg2 24. Kxg2 Rf8 25. Rc7 Qd8 26. Qc5 Ne4
27. Qc4 Nd2 28. Qc3 Ne4 29. Qc4 Nd2 30. Qc5 Ne4 31. Qa7 Nd6 32. Rd7 Nb5 33.
Rxd8 Nxa7 34. Rd7 Nb5 35. e3 f6 36. Nc6 Ra8 37. Re7 Ra2 38. Rxe6 Nc3 39. Nd8 h5
40. Re8+ Kh7 41. Ne6 Nd1 42. Re7 Rxf2+ 43. Kh3 1-0

[Event "Wch Blitz"]
[Site "Moscow RUS"]
[Date "2019.12.29"]
[Round "3.97"]
[White "Samsonkin, Artiom"]
[Black "Miranda Neto, Jayme Amorim"]
[Result "1-0"]
[WhiteElo "2428"]
[BlackElo "2102"]
[PlyCount "47"]
[EventDate "2019.12.29"]
[EventType "swiss (blitz)"]
[EventRounds "21"]
[EventCountry "RUS"]
[Source "ChessMix"]
[SourceDate "2020.01.01"]

1. e4 c6 2. d4 d5 3. e5 Bf5 4. h4 h5 5. Bd3 Bxd3 6. Qxd3 e6 7. Bg5 Be7 8. Nf3
Nd7 9. Nc3 Nh6 10. Ne2 Nf5 11. Ng3 Nxg3 12. fxg3 Bxg5 13. Nxg5 Qe7 14. O-O Rf8
15. Qf3 g6 16. c4 dxc4 17. Rac1 Nb6 18. Ne4 O-O-O 19. Qc3 Nd5 20. Qa5 Nb6 21.
Qxa7 Kc7 22. Nc5 Rxd4 23. Qxb7+ Kd8 24. Qxb6+ 1-0

[Event "Wch Blitz"]
[Site "Moscow RUS"]
[Date "2019.12.29"]
[Round "4.68"]
[White "Zhigalko, Sergei"]
[Black "Samsonkin, Artiom"]
[Result "1-0"]
[WhiteElo "2571"]
[BlackElo "2428"]
[PlyCount "77"]
[EventDate "2019.12.29"]
[EventType "swiss (blitz)"]
[EventRounds "21"]
[EventCountry "RUS"]
[Source "ChessMix"]
[SourceDate "2020.01.01"]

1. e4 c5 2. c3 e6 3. d4 d5 4. exd5 exd5 5. Nf3 Nc6 6. Bb5 Bd6 7. O-O Nge7 8.
dxc5 Bxc5 9. Nbd2 O-O 10. Nb3 Bb6 11. Bd3 Bf5 12. Re1 Qd7 13. Be3 Bc7 14. Nc5
Qc8 15. h3 Re8 16. Qc2 Bd6 17. Nb3 Nb4 18. cxb4 Qxc2 19. Bxc2 Bxc2 20. Nbd4 Be4
21. a3 a6 22. Nd2 Rac8 23. Rac1 Rxc1 24. Rxc1 Rc8 25. Rd1 Be5 26. N2b3 b6 27.
f3 Bc2 28. Rd2 Bg6 29. Kf2 f6 30. Ne2 Rc2 31. Bxb6 Bxb2 32. a4 Nc6 33. Bc5 Ne5
34. Nf4 Bc3 35. Rxc2 Bxc2 36. Nd4 Bxa4 37. Nxd5 Nd3+ 38. Ke3 Nxc5 39. Nxc3 1-0

[Event "Wch Blitz"]
[Site "Moscow RUS"]
[Date "2019.12.29"]
[Round "5.92"]
[White "Samsonkin, Artiom"]
[Black "Zarubitski, Viachaslau"]
[Result "1-0"]
[WhiteElo "2428"]
[BlackElo "2451"]
[PlyCount "103"]
[EventDate "2019.12.29"]
[EventType "swiss (blitz)"]
[EventRounds "21"]
[EventCountry "RUS"]
[Source "ChessMix"]
[SourceDate "2020.01.01"]

1. e4 e5 2. Nf3 Nf6 3. d4 Nxe4 4. dxe5 d5 5. Nbd2 Nc5 6. Nb3 Ne6 7. Nbd4 Be7 8.
Nf5 Nc6 9. Bd3 O-O 10. O-O Nc5 11. Re1 Nxd3 12. Qxd3 Nb4 13. Nxe7+ Qxe7 14. Qb3
Be6 15. a3 Na6 16. Qxb7 Nc5 17. Qc6 Ne4 18. Nd2 Nc5 19. b4 Nd7 20. Nf3 Rab8 21.
Bg5 Qe8 22. Qxc7 h6 23. Be3 Bg4 24. Nd4 Qxe5 25. Qxe5 Nxe5 26. Bf4 f6 27. Bxe5
fxe5 28. Rxe5 Rbc8 29. f3 Bd7 30. Rxd5 Ba4 31. Ra5 Bxc2 32. Rc1 Bd3 33. Rxc8
Rxc8 34. Rxa7 Rc4 35. Ne6 g5 36. Kf2 Rc2+ 37. Ke3 Bc4 38. Nd4 Rxg2 39. b5 Rb2
40. a4 Kf8 41. Rc7 Bf1 42. a5 Ra2 43. b6 Ba6 44. Ra7 Bc8 45. Ra8 Ke7 46. Rxc8
Ra3+ 47. Ke4 Rxa5 48. Nc6+ Kd7 49. Rc7+ Kd6 50. Nxa5 h5 51. Nc4+ Ke6 52. b7 1-0

[Event "Wch Blitz"]
[Site "Moscow RUS"]
[Date "2019.12.29"]
[Round "6.74"]
[White "Shcherbakov, Ruslan"]
[Black "Samsonkin, Artiom"]
[Result "0-1"]
[WhiteElo "2527"]
[BlackElo "2428"]
[PlyCount "132"]
[EventDate "2019.12.29"]
[EventType "swiss (blitz)"]
[EventRounds "21"]
[EventCountry "RUS"]
[Source "ChessMix"]
[SourceDate "2020.01.01"]

1. e4 c5 2. Nf3 d6 3. Bb5+ Nd7 4. d4 cxd4 5. Qxd4 a6 6. Bxd7+ Bxd7 7. Bg5 h6 8.
Bh4 Nf6 9. Bxf6 gxf6 10. O-O Rg8 11. Re1 e6 12. Nc3 Be7 13. Rad1 Qc7 14. Qe3 h5
15. Nd4 O-O-O 16. Rd3 Kb8 17. Nce2 Qc5 18. Qd2 Qg5 19. g3 Qxd2 20. Rxd2 h4 21.
c4 Rc8 22. b3 hxg3 23. hxg3 d5 24. Nc2 Bc5 25. Kf1 Rh8 26. Kg2 Bc6 27. exd5
exd5 28. cxd5 Rcd8 29. Nf4 Bd7 30. Rh1 Rhg8 31. Rh7 Bd6 32. Nh5 Bf5 33. Rh6
Be4+ 34. f3 Bg6 35. g4 Rc8 36. Ne3 Bb4 37. Re2 Rge8 38. Nxf6 Re7 39. d6 Bxd6
40. Nfd5 Re6 41. Rh1 Rce8 42. Rhe1 Bc5 43. b4 Ba7 44. Kf2 Bd3 45. Rd2 Bc4 46.
a4 Bxd5 47. Rxd5 Rxe3 48. Rxe3 Rxe3 49. Kg3 Rb3 50. Rf5 Rxb4 51. a5 b6 52. axb6
Bxb6 53. Rxf7 Rb1 54. g5 a5 55. Kf4 Rg1 56. Re7 a4 57. Re4 a3 58. Ra4 Bc5 59.
Kf5 Kb7 60. f4 Kb6 61. Kg6 Kb5 62. Ra8 Bb4 63. Rxa3 Bxa3 64. f5 Kc6 65. f6 Bc1
66. f7 Bxg5 0-1

[Event "Wch Blitz"]
[Site "Moscow RUS"]
[Date "2019.12.29"]
[Round "7.57"]
[White "Samsonkin, Artiom"]
[Black "Guliyev, Namig"]
[Result "0-1"]
[WhiteElo "2428"]
[BlackElo "2548"]
[PlyCount "166"]
[EventDate "2019.12.29"]
[EventType "swiss (blitz)"]
[EventRounds "21"]
[EventCountry "RUS"]
[Source "ChessMix"]
[SourceDate "2020.01.01"]

1. e4 c5 2. Nf3 d6 3. d4 cxd4 4. Qxd4 Nf6 5. Bg5 Nc6 6. Bb5 Bd7 7. Bxc6 Bxc6 8.
Nc3 e6 9. O-O-O Be7 10. Rhe1 O-O 11. Kb1 h6 12. Bh4 Re8 13. Qd3 Rc8 14. Bg3 e5
15. Bh4 g5 16. Bg3 Qa5 17. h4 g4 18. Nd2 b5 19. Nd5 Nxd5 20. exd5 Bd7 21. f3 h5
22. f4 exf4 23. Bxf4 Qc7 24. c3 a5 25. Ne4 Bf5 26. Nf6+ Bxf6 27. Qxf5 Bg7 28.
Qxh5 b4 29. Rxe8+ Rxe8 30. Qxg4 bxc3 31. Rc1 Qc4 32. Qg3 Qb4 33. Rxc3 Qe4+ 34.
Ka1 Qxd5 35. Rc1 Kh7 36. h5 a4 37. h6 Bf6 38. Qf2 a3 39. Qc2+ Qe4 40. Kb1 axb2
41. Rd1 d5 42. Rxd5 Qxc2+ 43. Kxc2 Re2+ 44. Bd2 Bg5 45. Kxb2 Bxd2 46. Kb3 Bxh6
47. a4 Rxg2 48. a5 Be3 49. a6 Kg6 50. Rd3 Bg1 51. Rd6+ f6 52. Rd7 Rg3+ 53. Kb4
Rg4+ 54. Kb3 Rh4 55. Rd8 Kf5 56. Rg8 Be3 57. Re8 Bf2 58. Re2 Bc5 59. Rc2 Be3
60. Rc6 Rh8 61. Kc4 Ra8 62. Kd5 Kg5 63. Ke4 Bg1 64. Kf3 f5 65. Kg2 Be3 66. Kf3
Bd4 67. Rd6 Bc5 68. Rc6 Bb4 69. Rb6 Be7 70. Re6 Bf6 71. Rc6 Rb8 72. Rc7 Rb3+
73. Ke2 Ra3 74. Rc6 Bd4 75. Rd6 Bc5 76. Rc6 Bg1 77. Kf1 Be3 78. Ke2 f4 79. Kf3
Ba7+ 80. Ke4 Re3+ 81. Kd5 f3 82. Rc7 f2 83. Rf7 Re1 0-1

[Event "Wch Blitz"]
[Site "Moscow RUS"]
[Date "2019.12.29"]
[Round "8.65"]
[White "Tran Tuan Minh"]
[Black "Samsonkin, Artiom"]
[Result "0-1"]
[WhiteElo "2529"]
[BlackElo "2428"]
[PlyCount "146"]
[EventDate "2019.12.29"]
[EventType "swiss (blitz)"]
[EventRounds "21"]
[EventCountry "RUS"]
[Source "ChessMix"]
[SourceDate "2020.01.01"]

1. Nf3 Nf6 2. b3 e6 3. Bb2 b6 4. c4 Bb7 5. e3 g6 6. Be2 Bg7 7. O-O O-O 8. d4 d6
9. Nc3 Nbd7 10. Qc2 Qe7 11. Rfd1 c5 12. Rd2 a6 13. Rad1 cxd4 14. Nxd4 Rfd8 15.
Bf3 Ne5 16. Bxb7 Qxb7 17. Nde2 Qc6 18. Nd4 Qc7 19. Nde2 Rac8 20. Qb1 h5 21. h3
Rd7 22. Ng3 Rcd8 23. Nce4 Ne8 24. f4 Nc6 25. Bxg7 Kxg7 26. Qb2+ Kg8 27. Nf6+
Nxf6 28. Qxf6 Ne7 29. Qg5 Qc5 30. Qxc5 bxc5 31. Ne4 Kg7 32. Nxd6 Kf8 33. Kf2
Nc6 34. Ke2 Nb4 35. Ne4 Rxd2+ 36. Rxd2 Rc8 37. Rd7 Nxa2 38. Nd6 Rc6 39. Nxf7
Nc1+ 40. Kf3 Nxb3 41. Ne5 Rb6 42. Nxg6+ Ke8 43. Re7+ Kd8 44. Ra7 a5 45. g4
hxg4+ 46. Kxg4 Kc8 47. Ne5 Kb8 48. Rg7 Rb7 49. Nc6+ Kc8 50. Rg8+ Kc7 51. Ne5
Kb6 52. h4 a4 53. Nd3 Rd7 54. Ne5 Rb7 55. Ra8 Na5 56. Rd8 Nb3 57. Ra8 Ra7 58.
Rb8+ Rb7 59. Ra8 Ra7 60. Rb8+ Kc7 61. Rb5 a3 62. Rxb3 a2 63. Rb5 a1=Q 64. Rxc5+
Kd6 65. Rc6+ Ke7 66. Rb6 Qg1+ 67. Kf3 Qf1+ 68. Kg3 Ra3 69. Rb7+ Kd8 70. Rd7+
Ke8 71. Rb7 Rxe3+ 72. Kg4 Qg2+ 73. Kh5 Qxb7 0-1

[Event "Wch Blitz"]
[Site "Moscow RUS"]
[Date "2019.12.29"]
[Round "9.53"]
[White "Samsonkin, Artiom"]
[Black "Paravyan, David"]
[Result "0-1"]
[WhiteElo "2428"]
[BlackElo "2629"]
[PlyCount "100"]
[EventDate "2019.12.29"]
[EventType "swiss (blitz)"]
[EventRounds "21"]
[EventCountry "RUS"]
[Source "ChessMix"]
[SourceDate "2020.01.01"]

1. e4 c5 2. Nf3 Nc6 3. Bb5 g6 4. c3 Nf6 5. Qe2 Bg7 6. O-O O-O 7. Rd1 a6 8. Bxc6
bxc6 9. h3 a5 10. e5 Ba6 11. d3 Nd5 12. c4 Nc7 13. Nc3 Ne6 14. Ne4 d5 15. Neg5
dxc4 16. dxc4 Bxc4 17. Qc2 Bd5 18. Nxe6 fxe6 19. Ng5 Qb6 20. f4 c4+ 21. Kh1
Bxe5 22. Qe2 Bxf4 23. Nxe6 Bxc1 24. Nxf8 Rxf8 25. Rxd5 cxd5 26. Rxc1 e6 27. Qe5
Rf5 28. Qe2 Kf7 29. Qd2 g5 30. b3 Qb4 31. Qd4 c3 32. Qa7+ Qe7 33. Qxa5 d4 34.
Qb6 Qd7 35. Qb8 Kg7 36. Qb4 h6 37. Rd1 Rd5 38. Rf1 Rf5 39. Rd1 c2 40. Rc1 d3
41. Qc3+ Kh7 42. b4 d2 43. Qxc2 dxc1=R+ 44. Qxc1 Rd5 45. Qc2+ Kg7 46. Qc3+ Kf7
47. Qf3+ Ke8 48. Qh5+ Kd8 49. Qf3 Rd1+ 50. Kh2 Qd6+ 0-1

[Event "Wch Blitz"]
[Site "Moscow RUS"]
[Date "2019.12.29"]
[Round "10.68"]
[White "Utegaliyev, Azamat"]
[Black "Samsonkin, Artiom"]
[Result "0-1"]
[WhiteElo "2502"]
[BlackElo "2428"]
[PlyCount "78"]
[EventDate "2019.12.29"]
[EventType "swiss (blitz)"]
[EventRounds "21"]
[EventCountry "RUS"]
[Source "ChessMix"]
[SourceDate "2020.01.01"]

1. e4 c5 2. Nc3 e6 3. g3 d5 4. Bg2 Nf6 5. d3 dxe4 6. Nxe4 Nxe4 7. Bxe4 Bd6 8.
Ne2 O-O 9. O-O Nc6 10. Bg2 e5 11. Nc3 f5 12. Bd2 Kh8 13. a3 Be6 14. Re1 Qd7 15.
Rb1 Rae8 16. Be3 b6 17. Bd2 Nd4 18. Ne2 Nc6 19. f4 c4 20. fxe5 Bc5+ 21. Kh1
cxd3 22. cxd3 Nxe5 23. d4 Ng4 24. Rf1 Bc4 25. Bf3 Bxd4 26. Nxd4 Qxd4 27. Bc3
Qxd1 28. Rbxd1 Bxf1 29. Rxf1 Ne5 30. Bd5 Ng4 31. Bf3 h5 32. h3 Nf6 33. Rd1 Ne4
34. Bxe4 fxe4 35. Rd7 Rg8 36. Rd5 Kh7 37. Kg2 e3 38. Kf1 e2+ 39. Ke1 Rgf8 0-1

[Event "Wch Blitz"]
[Site "Moscow RUS"]
[Date "2019.12.29"]
[Round "11.59"]
[White "Samsonkin, Artiom"]
[Black "Alekseenko, Kirill"]
[Result "0-1"]
[WhiteElo "2428"]
[BlackElo "2704"]
[PlyCount "52"]
[EventDate "2019.12.29"]
[EventType "swiss (blitz)"]
[EventRounds "21"]
[EventCountry "RUS"]
[Source "ChessMix"]
[SourceDate "2020.01.01"]

1. e4 c5 2. Nf3 Nc6 3. Bb5 g6 4. c3 Bg7 5. d4 Qb6 6. Ba4 cxd4 7. O-O e5 8. cxd4
exd4 9. Na3 Nge7 10. Bf4 O-O 11. Nc4 Qc5 12. Rc1 Qh5 13. Bd6 b5 14. Nfe5 Qxd1
15. Rfxd1 bxa4 16. Nxc6 Nxc6 17. Bxf8 Bxf8 18. e5 Rb8 19. f4 Ba6 20. Rd2 Rb4
21. Nd6 d3 22. Ne8 Be7 23. Nc7 Bc4 24. a3 Bc5+ 25. Kf1 Rxb2 26. Rxc4 Rb1+ 0-1

[Event "Wch Blitz"]
[Site "Moscow RUS"]
[Date "2019.12.29"]
[Round "12.65"]
[White "Afanasiev, Nikita"]
[Black "Samsonkin, Artiom"]
[Result "1-0"]
[WhiteElo "2517"]
[BlackElo "2428"]
[PlyCount "61"]
[EventDate "2019.12.29"]
[EventType "swiss (blitz)"]
[EventRounds "21"]
[EventCountry "RUS"]
[Source "ChessMix"]
[SourceDate "2020.01.01"]

1. e4 c5 2. Ne2 d6 3. g3 d5 4. Bg2 dxe4 5. Nbc3 Nf6 6. Nxe4 Nxe4 7. Bxe4 e5 8.
O-O Be7 9. d3 O-O 10. f4 Nc6 11. c3 f5 12. Bg2 Kh8 13. Be3 Be6 14. Qc2 Bd5 15.
Bh3 Rc8 16. Qd2 b6 17. b3 g6 18. Rad1 Bf6 19. g4 Qd7 20. gxf5 gxf5 21. Ng3 Ne7
22. fxe5 Bxe5 23. d4 Bxg3 24. hxg3 Rg8 25. Bf4 Ng6 26. dxc5 Nxf4 27. Qxf4 Rxc5
28. c4 Qg7 29. Rxd5 Rc6 30. Rd3 Rg6 31. Bg2 1-0

[Event "Wch Blitz"]
[Site "Moscow RUS"]
[Date "2019.12.30"]
[Round "13.77"]
[White "Carlsson, Pontus"]
[Black "Samsonkin, Artiom"]
[Result "0-1"]
[WhiteElo "2456"]
[BlackElo "2428"]
[PlyCount "116"]
[EventDate "2019.12.29"]
[EventType "swiss (blitz)"]
[EventRounds "21"]
[EventCountry "RUS"]
[Source "ChessMix"]
[SourceDate "2020.01.01"]

1. e4 e6 2. d4 d5 3. Nd2 dxe4 4. Nxe4 Bd7 5. Nf3 Bc6 6. Ned2 Nd7 7. Bd3 Ngf6 8.
O-O Be7 9. c3 O-O 10. Nc4 b6 11. a4 Bb7 12. Qe2 c5 13. Rd1 Qc7 14. Nfe5 Nxe5
15. dxe5 Nd5 16. Qg4 Rfd8 17. Bh6 Bf8 18. Bg5 Rd7 19. Qg3 f5 20. exf6 Qxg3 21.
f7+ Rxf7 22. hxg3 h6 23. Bd2 Rd8 24. Ne5 Rc7 25. Bc4 Bd6 26. Re1 Re7 27. Re2 a6
28. Rae1 Nc7 29. Ng6 Ree8 30. Bf4 b5 31. axb5 axb5 32. Ba2 c4 33. Bb1 Nd5 34.
Kh2 Nxf4 35. gxf4 Bd5 36. g3 Kf7 37. Nh4 Kf6 38. Ng6 Ra8 39. Ne5 Ra1 40. Nd7+
Ke7 41. Nb6 Bc6 42. Rxe6+ Kf8 43. Rxe8+ Bxe8 44. Rd1 Bc5 45. Nc8 Bxf2 46. Bc2
Ra2 47. Rb1 Bc5 48. Be4 Bd7 49. Bb7 b4 50. cxb4 Bxb4 51. Nb6 Bf5 52. Rc1 Rxb2+
53. Kh1 c3 54. Nd5 Be4+ 55. Kg1 Bc5+ 56. Kf1 Bd3+ 57. Ke1 Bf2+ 58. Kd1 Rd2# 0-1

[Event "Wch Blitz"]
[Site "Moscow RUS"]
[Date "2019.12.30"]
[Round "14.62"]
[White "Samsonkin, Artiom"]
[Black "Sjugirov, Sanan"]
[Result "1-0"]
[WhiteElo "2428"]
[BlackElo "2665"]
[PlyCount "81"]
[EventDate "2019.12.29"]
[EventType "swiss (blitz)"]
[EventRounds "21"]
[EventCountry "RUS"]
[Source "ChessMix"]
[SourceDate "2020.01.01"]

1. e4 c5 2. Nf3 d6 3. d4 cxd4 4. Qxd4 Nc6 5. Bb5 a6 6. Bxc6+ bxc6 7. O-O e5 8.
Qd3 Ne7 9. Rd1 Ng6 10. Na3 d5 11. exd5 cxd5 12. Qxd5 Qxd5 13. Rxd5 Be6 14. Rd1
Rc8 15. b3 Bb4 16. Bb2 f6 17. c4 Bf5 18. Ne1 Nf4 19. Nac2 Be7 20. Ne3 Bg6 21.
Nd5 Nxd5 22. Rxd5 Kf7 23. Rad1 Ke6 24. Nd3 Be4 25. Nf4+ Kf5 26. Rd7 Rhe8 27.
Nd5 Bf8 28. f3 Bc5+ 29. Kf1 Bxd5 30. R1xd5 Kg6 31. h4 h5 32. Ke2 e4 33. f4 e3
34. f5+ Kh6 35. Bd4 Bxd4 36. Rxd4 Re5 37. Rf4 Rce8 38. Rd3 Ra5 39. a4 Rae5 40.
Rf3 Re4 41. Rfxe3 1-0

[Event "Wch Blitz"]
[Site "Moscow RUS"]
[Date "2019.12.30"]
[Round "15.54"]
[White "Petrov, Nikita"]
[Black "Samsonkin, Artiom"]
[Result "1/2-1/2"]
[WhiteElo "2585"]
[BlackElo "2428"]
[PlyCount "110"]
[EventDate "2019.12.29"]
[EventType "swiss (blitz)"]
[EventRounds "21"]
[EventCountry "RUS"]
[Source "ChessMix"]
[SourceDate "2020.01.01"]

1. c4 Nf6 2. Nc3 e6 3. e4 d5 4. cxd5 exd5 5. e5 d4 6. exf6 dxc3 7. Bb5+ c6 8.
Qe2+ Be6 9. Bc4 Qxf6 10. dxc3 Nd7 11. Bxe6 Qxe6 12. Qxe6+ fxe6 13. Nf3 O-O-O
14. Bg5 Re8 15. Ke2 h6 16. Be3 e5 17. Nd2 Bc5 18. Ne4 Be7 19. Rhd1 Kc7 20. a4
a5 21. Rd2 Nf6 22. Nxf6 gxf6 23. Rad1 Rd8 24. Rxd8 Bxd8 25. Bc5 b6 26. Bd6+ Kc8
27. Kf3 Bc7 28. Bxc7 Kxc7 29. Ke4 Rg8 30. g3 Rg4+ 31. Kf5 Rxa4 32. Kxf6 Ra2 33.
Rb1 a4 34. Kxe5 a3 35. bxa3 Rxf2 36. h4 Rf3 37. g4 Rxc3 38. g5 hxg5 39. hxg5
Rg3 40. Kf6 Rf3+ 41. Ke6 Re3+ 42. Kf5 Rf3+ 43. Kg4 Rxa3 44. g6 Ra8 45. Kf5 c5
46. g7 Kc6 47. Ke6 c4 48. Rf1 Rg8 49. Kf7 Rxg7+ 50. Kxg7 b5 51. Kf6 Kd5 52.
Rf5+ Kd4 53. Rxb5 c3 54. Rb8 c2 55. Rc8 Kd3 1/2-1/2

[Event "Wch Blitz"]
[Site "Moscow RUS"]
[Date "2019.12.30"]
[Round "16.50"]
[White "Samsonkin, Artiom"]
[Black "Cheparinov, Ivan"]
[Result "0-1"]
[WhiteElo "2428"]
[BlackElo "2687"]
[PlyCount "49"]
[EventDate "2019.12.29"]
[EventType "swiss (blitz)"]
[EventRounds "21"]
[EventCountry "RUS"]
[Source "ChessMix"]
[SourceDate "2020.01.01"]

1. e4 c5 2. Nf3 d6 3. d4 cxd4 4. Qxd4 Nc6 5. Bb5 a6 6. Bxc6+ bxc6 7. O-O e5 8.
Qd3 Ne7 9. Rd1 Ng6 10. Na3 f6 11. c4 Be6 12. Be3 Be7 13. Nc2 O-O 14. Nb4 Qc8
15. Rac1 Qb7 16. Qc3 Rfc8 17. c5 a5 18. Nc2 d5 19. Qe1 dxe4 20. Nd2 f5 21. f3
f4 22. Nxe4 fxe3 23. Nxe3 Rd8 24. Qc3 Qb4 25. Qd4 0-1

[Event "Wch Blitz"]
[Site "Moscow RUS"]
[Date "2019.12.30"]
[Round "17.61"]
[White "Smirin, Ilia"]
[Black "Samsonkin, Artiom"]
[Result "1/2-1/2"]
[WhiteElo "2607"]
[BlackElo "2428"]
[PlyCount "84"]
[EventDate "2019.12.29"]
[EventType "swiss (blitz)"]
[EventRounds "21"]
[EventCountry "RUS"]
[Source "ChessMix"]
[SourceDate "2020.01.01"]

1. e4 c5 2. Nf3 d6 3. d4 cxd4 4. Nxd4 Nf6 5. Nc3 a6 6. f4 Qc7 7. a4 g6 8. Be2
Bg7 9. O-O O-O 10. Kh1 Nbd7 11. Nd5 Nxd5 12. exd5 Nf6 13. c4 Bg4 14. Be3 Bxe2
15. Qxe2 Rac8 16. Rac1 Rfe8 17. f5 Rf8 18. b3 Rce8 19. Rce1 Ne4 20. Bg1 Nf6 21.
g4 Nd7 22. g5 Nc5 23. f6 exf6 24. Qxe8 Rxe8 25. Rxe8+ Bf8 26. gxf6 Qd7 27. Ra8
Qg4 28. Re1 Ne4 29. Rf1 Ng3+ 30. Kg2 Nxf1+ 31. Kxf1 Qd1+ 32. Kg2 Qg4+ 33. Kf1
Qf4+ 34. Bf2 Qxf6 35. Ne2 Qf3 36. b4 Kg7 37. c5 dxc5 38. Ke1 Bd6 39. bxc5 Be5
40. d6 Qh1+ 41. Kd2 Qd5+ 42. Ke1 Qh1+ 1/2-1/2

[Event "Wch Blitz"]
[Site "Moscow RUS"]
[Date "2019.12.30"]
[Round "18.60"]
[White "Samsonkin, Artiom"]
[Black "Belov, Vladimir"]
[Result "1/2-1/2"]
[WhiteElo "2428"]
[BlackElo "2598"]
[PlyCount "49"]
[EventDate "2019.12.29"]
[EventType "swiss (blitz)"]
[EventRounds "21"]
[EventCountry "RUS"]
[Source "ChessMix"]
[SourceDate "2020.01.01"]

1. e4 c5 2. Nf3 d6 3. d4 cxd4 4. Qxd4 Nc6 5. Bb5 Bd7 6. Bxc6 Bxc6 7. Nc3 h6 8.
O-O Nf6 9. Qd3 e6 10. Nd4 Rc8 11. Be3 a6 12. h3 Be7 13. Rad1 Qc7 14. Nxc6 Qxc6
15. Rfe1 b5 16. a3 O-O 17. Bd4 Qb7 18. Qg3 a5 19. Bxf6 Bxf6 20. Rxd6 b4 21.
axb4 axb4 22. e5 Bxe5 23. Qxe5 bxc3 24. bxc3 Qb2 25. Re3 1/2-1/2

[Event "Wch Blitz"]
[Site "Moscow RUS"]
[Date "2019.12.30"]
[Round "19.63"]
[White "Bologan, Viktor"]
[Black "Samsonkin, Artiom"]
[Result "1/2-1/2"]
[WhiteElo "2574"]
[BlackElo "2428"]
[PlyCount "131"]
[EventDate "2019.12.29"]
[EventType "swiss (blitz)"]
[EventRounds "21"]
[EventCountry "RUS"]
[Source "ChessMix"]
[SourceDate "2020.01.01"]

1. e4 c5 2. Nf3 d6 3. Bc4 Nf6 4. d3 Nc6 5. h3 e6 6. O-O Be7 7. c3 d5 8. exd5
exd5 9. Bb5 O-O 10. Re1 Bd7 11. Ba4 Re8 12. Bf4 Qb6 13. Re2 Bf8 14. Rxe8 Rxe8
15. Qd2 h6 16. Na3 Ne5 17. Bd1 Ng6 18. Bh2 Bd6 19. Bxd6 Qxd6 20. Nc2 Bc6 21.
Ne3 Qd7 22. d4 Ne4 23. Qc2 b6 24. Be2 Ba4 25. b3 Bc6 26. Rd1 Qe6 27. Bd3 Nxf2
28. Qxf2 Qxe3 29. Qxe3 Rxe3 30. Kf2 Re7 31. Bxg6 fxg6 32. Ne5 Be8 33. h4 cxd4
34. cxd4 Rc7 35. Ke3 Rc2 36. Rd2 Rc3+ 37. Rd3 Rc2 38. Rd2 Rc1 39. Rf2 Re1+ 40.
Kd3 Rh1 41. g3 Rg1 42. Rf3 a5 43. a4 g5 44. hxg5 hxg5 45. g4 b5 46. axb5 Bxb5+
47. Kc3 Be2 48. Rf5 Rg3+ 49. Kd2 Bxg4 50. Rxg5 Rg2+ 51. Kc3 Bh3 52. Rh5 Rg3+
53. Kb2 Bg2 54. Nc6 Rd3 55. Rh4 Be4 56. Nxa5 Rxd4 57. Nc6 Rd2+ 58. Ka3 g5 59.
Rg4 Rg2 60. Rxg2 Bxg2 61. b4 Bf1 62. Ne7+ Kf7 63. Nxd5 Ke6 64. Ne3 Bb5 65. Kb3
Ke5 66. Kc3 1/2-1/2

[Event "Wch Blitz"]
[Site "Moscow RUS"]
[Date "2019.12.30"]
[Round "20.57"]
[White "Samsonkin, Artiom"]
[Black "Petrosian, Tigran L"]
[Result "0-1"]
[WhiteElo "2428"]
[BlackElo "2601"]
[PlyCount "89"]
[EventDate "2019.12.29"]
[EventType "swiss (blitz)"]
[EventRounds "21"]
[EventCountry "RUS"]
[Source "ChessMix"]
[SourceDate "2020.01.01"]

1. e4 g6 2. d4 Bg7 3. Nc3 a6 4. f4 d6 5. Nf3 Nd7 6. Bd3 b5 7. O-O c5 8. dxc5
Nxc5 9. Be3 Nxd3 10. cxd3 Nf6 11. Kh1 O-O 12. Qe1 Bd7 13. Qh4 b4 14. Nd1 Rc8
15. f5 e6 16. Bg5 exf5 17. exf5 h6 18. Bxh6 Bxh6 19. Qxh6 Ng4 20. Qf4 Bxf5 21.
h3 Ne5 22. Ne3 Bxd3 23. Rfe1 Rc5 24. Rad1 Re8 25. Nxe5 dxe5 26. Qxb4 Rb5 27.
Qc3 e4 28. Ng4 Re6 29. Nh6+ Kh7 30. Nxf7 Qf6 31. Qxf6 Rxf6 32. Nd8 Rxb2 33. Rc1
g5 34. Rc7+ Kg6 35. Nc6 Rc2 36. Ne7+ Kf7 37. Ra7 Ke6 38. Rb1 Rf1+ 39. Rxf1 Bxf1
40. Kg1 Bb5 41. Ng6 e3 42. Re7+ Kf6 43. Rxe3 Kxg6 44. a3 Bc6 45. g3 0-1

[Event "Wch Blitz"]
[Site "Moscow RUS"]
[Date "2019.12.30"]
[Round "21.68"]
[White "Bocharov, Dmitry"]
[Black "Samsonkin, Artiom"]
[Result "1-0"]
[WhiteElo "2524"]
[BlackElo "2428"]
[PlyCount "59"]
[EventDate "2019.12.29"]
[EventType "swiss (blitz)"]
[EventRounds "21"]
[EventCountry "RUS"]
[Source "ChessMix"]
[SourceDate "2020.01.01"]

1. c4 Nf6 2. Nc3 e6 3. d4 Bb4 4. e3 O-O 5. Nge2 d5 6. a3 Bd6 7. c5 Be7 8. Nf4
b6 9. b4 c6 10. Bd3 Nbd7 11. O-O Qc7 12. Bd2 e5 13. Nfe2 e4 14. Bc2 a5 15. f3
exf3 16. gxf3 Re8 17. e4 axb4 18. axb4 Rxa1 19. Qxa1 bxc5 20. bxc5 dxe4 21.
fxe4 Bf8 22. Bb3 Bxc5 23. dxc5 Nxc5 24. Ba2 Ncxe4 25. Nxe4 Rxe4 26. Ng3 Qb6+
27. Kh1 Re7 28. Rxf6 gxf6 29. Qxf6 Qc5 30. Bc3 1-0

[Event "Wch Rapid"]
[Site "Moscow RUS"]
[Date "2019.12.26"]
[Round "1.68"]
[White "Samsonkin, Artiom"]
[Black "Ivanisevic, Ivan"]
[Result "1-0"]
[WhiteElo "2428"]
[BlackElo "2593"]
[PlyCount "53"]
[EventDate "2019.12.26"]
[EventType "swiss (rapid)"]
[EventRounds "15"]
[EventCountry "RUS"]
[Source "ChessMix"]
[SourceDate "2020.01.01"]

1. e4 c6 2. d4 d5 3. e5 Bf5 4. h4 h5 5. Bd3 Bxd3 6. Qxd3 Qa5+ 7. Nc3 e6 8. Bg5
Nh6 9. Nf3 Qa6 10. Qd2 Nf5 11. Ne2 c5 12. O-O Nc6 13. c3 Rc8 14. Ng3 g6 15.
Nxf5 gxf5 16. dxc5 Qc4 17. b3 Qxc5 18. Rad1 Be7 19. Rfe1 Bxg5 20. Nxg5 Ne7 21.
c4 Rd8 22. cxd5 Nxd5 23. Rc1 Qb6 24. Rc4 a5 25. Rec1 Nb4 26. Rc8 Nc6 27. R1xc6
1-0